[Event "4NCL/Div1a/SWD1 vs. RIC"]
[Site "Hinckley Island ENG"]
[Date "2008.12.06"]
[Round "3.4"]
[White "Muter, Donny"]
[Black "Zeidler, Sven P"]
[Result "1-0"]
[WhiteElo "2190"]
[BlackElo "2224"]
[PlyCount "129"]
[EventDate "2008.12.06"]
[SourceDate "2008.10.04"]

1. d4 f5 2. Bg5 c6 3. e3 Qb6 4. Bd3 d5 5. Nd2 e6 6. Rb1 Nd7 7. g4 Ndf6 8. gxf5
exf5 9. Ne2 Ne4 10. Bf4 Ne7 11. Nf3 Ng6 12. Ne5 Be6 13. h4 O-O-O 14. h5 Nxe5
15. Bxe5 Rg8 16. Nf4 Bd7 17. Rg1 Re8 18. Bxe4 fxe4 19. c3 Be7 20. Kd2 Bf6 21.
Bd6 Be7 22. Be5 Bf6 23. Bd6 Bf5 24. Qa4 a6 25. Qb4 Qxb4 26. Bxb4 g6 27. hxg6
hxg6 28. Rg2 g5 29. Nh5 Bd8 30. Bd6 Rh8 31. Ng7 Bh3 32. Rh2 Reg8 33. Rbh1 Rxg7
34. Be5 Rf7 35. Bxh8 g4 36. Be5 Rf3 37. Bg3 Bc7 38. Rg1 Kd7 39. Bxc7 Kxc7 40.
Ke2 a5 41. Rg3 Rf7 42. b3 Rh7 43. Ke1 Rh5 44. Kd2 Kb6 45. Rh1 Kb5 46. a4+ Kb6
47. c4 Kc7 48. Ke2 Kd6 49. Rc1 Rh8 50. cxd5 cxd5 51. Rc5 b6 52. Rc3 Rb8 53. Rg1
b5 54. axb5 Rxb5 55. Ra1 Bg2 56. Ra3 Bf3+ 57. Kd2 Rb8 58. Rxa5 Rh8 59. Ra6+ Kd7
60. Rc2 Rh1 61. Kc3 Re1 62. Rg6 Ra1 63. Kb4 Ra8 64. Rcc6 Ra2 65. Ra6 1-0

[Event "4NCL/Div1a/SWD1 vs. RIC"]
[Site "Hinckley Island ENG"]
[Date "2008.12.06"]
[Round "3.5"]
[White "O'Neill, Paul"]
[Black "Meyer, Gordon"]
[Result "1-0"]
[WhiteElo "2204"]
[BlackElo "2161"]
[PlyCount "73"]
[EventDate "2008.12.06"]
[SourceDate "2008.10.04"]

1. d4 Nf6 2. c4 g6 3. Nc3 Bg7 4. e4 d6 5. Be2 O-O 6. Bg5 h6 7. Be3 c5 8. d5 e6
9. h3 exd5 10. exd5 b5 11. cxb5 a6 12. bxa6 Nxa6 13. Nf3 Rb8 14. Qd2 Re8 15.
Rb1 Bf5 16. Bd3 Nb4 17. Bxf5 gxf5 18. O-O Ne4 19. Nxe4 fxe4 20. Nh2 Re5 21.
Bxh6 f5 22. Bxg7 Kxg7 23. a3 Nd3 24. f3 c4 25. fxe4 Qb6+ 26. Kh1 fxe4 27. Ng4
e3 28. Qe2 Nf2+ 29. Rxf2 exf2 30. Nxe5 dxe5 31. Qxe5+ Kf7 32. Rf1 Qxb2 33. Qf4+
Kg7 34. Rxf2 Qb1+ 35. Kh2 c3 36. Qf7+ Kh8 37. Rf5 1-0

[Event "4NCL/Div1a/SWD1 vs. RIC"]
[Site "Hinckley Island ENG"]
[Date "2008.12.06"]
[Round "3.6"]
[White "Franklin, Michael J"]
[Black "James, David J"]
[Result "1/2-1/2"]
[WhiteElo "2232"]
[BlackElo "2137"]
[PlyCount "61"]
[EventDate "2008.12.06"]
[SourceDate "2008.10.04"]

1. d4 Nf6 2. Nf3 b6 3. Bf4 e6 4. e3 Be7 5. Nbd2 Bb7 6. h3 c5 7. c3 O-O 8. Bd3
cxd4 9. exd4 d6 10. Qe2 Re8 11. O-O Nbd7 12. Rfe1 Nf8 13. Bh2 Ng6 14. Rad1 a6
15. Ng5 Qd7 16. Nde4 Nxe4 17. Nxe4 b5 18. Qh5 Qc6 19. f3 Red8 20. Ng5 Bxg5 21.
Qxg5 Qd5 22. Qd2 Qh5 23. Be4 Bxe4 24. Rxe4 Rac8 25. Bg3 Qd5 26. a3 Rc6 27. Be1
a5 28. h4 Rdc8 29. Qe2 Nf8 30. Bd2 Nd7 31. Be1 1/2-1/2

[Event "4NCL/Div1a/SWD1 vs. RIC"]
[Site "Hinckley Island ENG"]
[Date "2008.12.06"]
[Round "3.7"]
[White "Roberts, David L"]
[Black "Mitchem, Nicholas D"]
[Result "1-0"]
[WhiteElo "2144"]
[BlackElo "1971"]
[PlyCount "43"]
[EventDate "2008.12.06"]
[SourceDate "2008.10.04"]

1. e4 c5 2. Nf3 d6 3. d4 cxd4 4. Nxd4 Nf6 5. Nc3 e6 6. g4 Nc6 7. g5 Nd7 8. Be3
Nb6 9. h4 d5 10. Qf3 Bb4 11. Bb5 Bxc3+ 12. bxc3 Bd7 13. h5 a6 14. Bxc6 Bxc6 15.
g6 hxg6 16. hxg6 Rxh1+ 17. Ke2 Qf6 18. Qxf6 gxf6 19. Rxh1 Kd7 20. gxf7 Rf8 21.
Rh7 Nc4 22. Bh6 1-0

[Event "4NCL/Div1a/BAR1 vs. SAMS"]
[Site "Hinckley Island ENG"]
[Date "2008.12.06"]
[Round "3.1"]
[White "Parker, Jonathan"]
[Black "Rendle, Thomas E"]
[Result "1-0"]
[WhiteElo "2538"]
[BlackElo "2385"]
[PlyCount "83"]
[EventDate "2008.12.06"]
[SourceDate "2008.10.04"]

1. d4 f5 2. g3 Nf6 3. Bg2 g6 4. Nf3 Bg7 5. O-O O-O 6. c4 d6 7. Nc3 Nc6 8. d5
Na5 9. Qa4 c5 10. dxc6 Nxc6 11. Rd1 Ne4 12. Nxe4 fxe4 13. Ng5 Nd4 14. Rd2 Bg4
15. Qd1 Qb6 16. Nxe4 Rac8 17. h3 Bf5 18. Nc3 Be6 19. e3 Nc6 20. Nd5 Qd8 21. Rb1
Qd7 22. Kh2 g5 23. b3 g4 24. h4 Bf5 25. e4 Bg6 26. Bb2 Ne5 27. Nf4 Be8 28. Rd5
b6 29. Qd2 Rc5 30. Bxe5 Bxe5 31. Nd3 Rxd5 32. exd5 Bg7 33. Re1 Bg6 34. Be4 Bxe4
35. Rxe4 Rf3 36. Re6 Qe8 37. Qe2 Qf8 38. Kg2 Qf5 39. Ne1 Rc3 40. Re4 h5 41.
Rxe7 Be5 42. Rxa7 1-0

[Event "4NCL/Div1a/BAR1 vs. SAMS"]
[Site "Hinckley Island ENG"]
[Date "2008.12.06"]
[Round "3.2"]
[White "Krensing, Jan"]
[Black "Turner, Matthew J"]
[Result "0-1"]
[WhiteElo "2287"]
[BlackElo "2505"]
[PlyCount "70"]
[EventDate "2008.12.06"]
[SourceDate "2008.10.04"]

1. e4 e5 2. Nf3 Nc6 3. d4 exd4 4. Nxd4 Bb4+ 5. c3 Bc5 6. Be3 Bb6 7. Bc4 d6 8.
O-O Nf6 9. Nxc6 bxc6 10. e5 Ng4 11. Bxb6 axb6 12. e6 Nf6 13. exf7+ Kf8 14. Bb3
Bg4 15. Qd3 Qe7 16. f3 Bh5 17. Nd2 Bg6 18. Qd4 c5 19. Qf2 d5 20. f4 c4 21. f5
cxb3 22. fxg6 bxa2 23. b4 hxg6 24. Rfe1 Qxf7 25. Nf3 Ne4 26. Rxa2 Re8 27. Qd4
Rh5 28. g4 Rh3 29. Ne5 Qe6 30. Nd3 Qxg4+ 31. Rg2 Qh5 32. Rf1+ Rf3 33. Rxf3+
Qxf3 34. h3 Qf5 35. Nf2 Ng5 0-1

[Event "4NCL/Div1a/BAR1 vs. SAMS"]
[Site "Hinckley Island ENG"]
[Date "2008.12.06"]
[Round "3.3"]
[White "Ferguson, Mark"]
[Black "Martyn, Rafe"]
[Result "1-0"]
[WhiteElo "2398"]
[BlackElo "2293"]
[PlyCount "71"]
[EventDate "2008.12.06"]
[SourceDate "2008.10.04"]

1. e4 c6 2. d4 d5 3. e5 c5 4. dxc5 Nc6 5. Bb5 e6 6. Be3 Nge7 7. c3 Bd7 8. Bxc6
Bxc6 9. Nf3 Nf5 10. Bd4 Nxd4 11. Qxd4 a5 12. a4 Qc7 13. O-O Be7 14. Ne1 O-O 15.
Nd3 Bd7 16. Nd2 Rfc8 17. Nb3 Rab8 18. Rfe1 Rf8 19. Qe3 Rbc8 20. f4 f5 21. exf6
Rxf6 22. Kh1 Rh6 23. Re2 Bf8 24. g4 Rf6 25. g5 Rf7 26. Qg3 g6 27. Ne5 Rg7 28.
Qh3 Kh8 29. Nxd7 Qxd7 30. Qxe6 Bxc5 31. Nxc5 Rxc5 32. Qf6 Rc6 33. Qe5 Qg4 34.
Rae1 Rc4 35. Qe8+ Rg8 36. Qxg8+ 1-0

[Event "4NCL/Div1a/BAR1 vs. SAMS"]
[Site "Hinckley Island ENG"]
[Date "2008.12.06"]
[Round "3.4"]
[White "Williams, Samuel G"]
[Black "Collinson, Adam"]
[Result "1/2-1/2"]
[WhiteElo "2218"]
[BlackElo "2389"]
[PlyCount "35"]
[EventDate "2008.12.06"]
[SourceDate "2008.10.04"]

1. d4 d6 2. Nf3 Nf6 3. c4 g6 4. Nc3 Bf5 5. Nh4 Bd7 6. e4 e5 7. Nf3 exd4 8. Nxd4
Bg7 9. Be2 O-O 10. O-O Nc6 11. Nc2 Re8 12. f3 a5 13. Bg5 h6 14. Be3 Nb4 15. Nd4
Nc6 16. Nc2 Nb4 17. Nd4 Nc6 18. Nc2 1/2-1/2

[Event "4NCL/Div1a/BAR1 vs. SAMS"]
[Site "Hinckley Island ENG"]
[Date "2008.12.06"]
[Round "3.5"]
[White "Knott, Simon"]
[Black "Roberson, Peter T"]
[Result "1-0"]
[WhiteElo "2348"]
[BlackElo "2236"]
[PlyCount "31"]
[EventDate "2008.12.06"]
[SourceDate "2008.10.04"]

1. Nf3 b6 2. e4 Bb7 3. Nc3 e6 4. d4 Bb4 5. Bd3 Nf6 6. Qe2 d5 7. exd5 Nxd5 8.
Bd2 Nxc3 9. bxc3 Be7 10. O-O O-O 11. a4 a5 12. Rfe1 c5 13. dxc5 bxc5 14. Rab1
Ra7 15. Rxb7 Rxb7 16. Qe4 1-0

[Event "4NCL/Div1a/BAR1 vs. SAMS"]
[Site "Hinckley Island ENG"]
[Date "2008.12.06"]
[Round "3.6"]
[White "Purton, Ben J"]
[Black "Cox, John J"]
[Result "0-1"]
[WhiteElo "2106"]
[BlackElo "2381"]
[PlyCount "104"]
[EventDate "2008.12.06"]
[SourceDate "2008.10.04"]

1. e4 e5 2. Nf3 Nc6 3. Bc4 Bc5 4. b4 Bxb4 5. c3 Ba5 6. d4 exd4 7. O-O Nge7 8.
Ng5 d5 9. exd5 Ne5 10. Qxd4 f6 11. Bb3 Bb6 12. Qe4 Bf5 13. Qa4+ Qd7 14. Ne6
Bxe6 15. dxe6 Qxa4 16. Bxa4+ N7c6 17. Bf4 Nd3 18. Bg3 O-O-O 19. Na3 Rhe8 20.
Bc2 g6 21. Nc4 Rxe6 22. Rad1 Nc5 23. Rde1 Rde8 24. Nxb6+ axb6 25. f3 b5 26. h4
f5 27. h5 Ne5 28. Re3 Nc4 29. Rxe6 Rxe6 30. Re1 Rxe1+ 31. Bxe1 Na3 32. hxg6
hxg6 33. Bd1 Kd7 34. g4 Ke6 35. Bf2 Nd3 36. gxf5+ gxf5 37. Bd4 c5 38. Bg7 Ne5
39. Kf1 Nb1 40. f4 Nc4 41. Ke2 Nb2 42. Bb3+ c4 43. Bc2 Na3 44. Bd1 Kd5 45. Kd2
Nxd1 46. Kxd1 Ke4 47. Bf8 b4 48. cxb4 Kd3 49. Bg7 c3 50. Kc1 b5 51. Bf8 c2 52.
Be7 Nb1 0-1

[Event "4NCL/Div1a/BAR1 vs. SAMS"]
[Site "Hinckley Island ENG"]
[Date "2008.12.06"]
[Round "3.7"]
[White "Berry, Neil"]
[Black "Makepeace, Philip J"]
[Result "1-0"]
[WhiteElo "2323"]
[BlackElo "2027"]
[PlyCount "177"]
[EventDate "2008.12.06"]
[SourceDate "2008.10.04"]

1. d4 Nf6 2. c4 c5 3. d5 b5 4. cxb5 a6 5. bxa6 Bxa6 6. g3 d6 7. Bg2 g6 8. b3
Bg7 9. Bb2 O-O 10. Nh3 Nbd7 11. O-O Qb6 12. Nd2 Rfb8 13. Bc3 Ne8 14. Bxg7 Nxg7
15. Ng5 Ne5 16. Ngf3 Nxf3+ 17. Nxf3 c4 18. Nd4 cxb3 19. axb3 Bb7 20. Qd2 e5 21.
dxe6 fxe6 22. Rxa8 Bxa8 23. Bxa8 Rxa8 24. Rb1 Ra5 25. Qc3 Rc5 26. Qf3 d5 27.
Ra1 Rc8 28. Qe3 Qd6 29. Ra7 e5 30. Nf3 Re8 31. Qh6 Re7 32. Rxe7 Qxe7 33. Qg5
Qxg5 34. Nxg5 Nf5 35. e4 dxe4 36. Nxe4 Nd4 37. Nd2 Kf7 38. f3 Ke6 39. Kf2 Nc2
40. Ke2 Nb4 41. Ne4 h6 42. Kd2 Kd5 43. Kc3 Na2+ 44. Kb2 Nb4 45. Ka3 Nc2+ 46.
Ka4 Kc6 47. b4 Nd4 48. Ka5 Nxf3 49. b5+ Kb7 50. Nc5+ Kc8 51. b6 Nd4 52. Ka6 Nc6
53. Kb5 Nd4+ 54. Kc4 h5 55. Kd5 Nf3 56. h4 Kb8 57. Kd6 e4 58. Nxe4 Kb7 59. Kc5
Ne5 60. Nd6+ Kb8 61. Kb5 Nf3 62. Ne4 Nd4+ 63. Kc5 Ne2 64. Kc6 Nd4+ 65. Kd5 Nf3
66. Nc5 Kc8 67. Kd6 Kb8 68. Ne4 Kb7 69. Ke6 Kxb6 70. Kf6 Kc6 71. Kxg6 Kd5 72.
Nf6+ Ke6 73. Nxh5 Ne5+ 74. Kg7 Kf5 75. Nf6 Nf3 76. g4+ Kf4 77. h5 Nd4 78. h6
Ne6+ 79. Kg6 Ng5 80. Nh5+ Kxg4 81. Nf6+ Kf4 82. Ne8 Kg4 83. Nd6 Kh4 84. Nf7 Ne6
85. Kf6 Nf8 86. Kg7 Ne6+ 87. Kg8 Nf4 88. h7 Ng6 89. Ne5 1-0

[Event "4NCL/Div1a/BAR1 vs. SAMS"]
[Site "Hinckley Island ENG"]
[Date "2008.12.06"]
[Round "3.8"]
[White "Sainbayar, Anuurai"]
[Black "Regan, Natasha"]
[Result "0-1"]
[WhiteElo "1590"]
[BlackElo "2197"]
[PlyCount "45"]
[EventDate "2008.12.06"]
[SourceDate "2008.10.04"]

1. e4 Nf6 2. Nc3 e5 3. Bc4 c6 4. d4 Bb4 5. dxe5 Nxe4 6. Bxf7+ Kxf7 7. Qf3+ Nf6
8. exf6 Qxf6 9. Bd2 Re8+ 10. Nge2 Qxf3 11. gxf3 d5 12. a3 Bd6 13. O-O-O Nd7 14.
Ng3 Ne5 15. f4 Nc4 16. Nce2 Bg4 17. Rde1 Re7 18. Rhf1 Bxe2 19. Rxe2 Nxd2 20.
Kxd2 Bxf4+ 21. Kd1 Rae8 22. Rxe7+ Rxe7 23. Nf5 0-1

[Event "4NCL/Div1a/GUI2 vs. WGHK1"]
[Site "Hinckley Island ENG"]
[Date "2008.12.07"]
[Round "4.1"]
[White "Pert, Nicholas"]
[Black "Lalic, Bogdan"]
[Result "1/2-1/2"]
[WhiteElo "2532"]
[BlackElo "2531"]
[PlyCount "60"]
[EventDate "2008.12.07"]
[SourceDate "2008.10.04"]

1. d4 Nf6 2. Nf3 g6 3. c4 Bg7 4. g3 d5 5. cxd5 Nxd5 6. Bg2 Nb6 7. Nc3 Nc6 8. e3
O-O 9. O-O Re8 10. Re1 h6 11. d5 Na5 12. Nd4 Bd7 13. e4 c6 14. e5 e6 15. d6
Nac4 16. Nf3 Nd5 17. Ne4 Nxe5 18. Nxe5 Bxe5 19. Bxh6 b6 20. Qe2 Bg7 21. Bxg7
Kxg7 22. Rad1 f5 23. Nc3 Nxc3 24. bxc3 e5 25. Qa6 Re6 26. c4 Qc8 27. c5 e4 28.
Qa3 bxc5 29. Qxc5 Qf8 30. f3 Qf6 1/2-1/2

[Event "4NCL/Div1a/GUI2 vs. WGHK1"]
[Site "Hinckley Island ENG"]
[Date "2008.12.07"]
[Round "4.3"]
[White "King, Daniel J"]
[Black "Szabo, Krisztian"]
[Result "1/2-1/2"]
[WhiteElo "2518"]
[BlackElo "2520"]
[PlyCount "36"]
[EventDate "2008.12.07"]
[SourceDate "2008.10.04"]

1. e4 e5 2. Nf3 Nc6 3. Bb5 a6 4. Ba4 Nf6 5. d3 d6 6. c3 Bd7 7. Nbd2 g6 8. Nf1
Bg7 9. Ng3 O-O 10. O-O Qe8 11. h3 h6 12. Bc2 Qe7 13. d4 Rae8 14. Be3 Nh7 15.
Qd2 h5 16. h4 Bf6 17. Bh6 Bg7 18. Be3 Bf6 1/2-1/2

[Event "4NCL/Div1a/GUI2 vs. WGHK1"]
[Site "Hinckley Island ENG"]
[Date "2008.12.07"]
[Round "4.4"]
[White "Berczes, David"]
[Black "Kosten, Anthony C"]
[Result "1/2-1/2"]
[WhiteElo "2514"]
[BlackElo "2510"]
[PlyCount "23"]
[EventDate "2008.12.07"]
[SourceDate "2008.10.04"]

1. d4 Nf6 2. c4 e6 3. Nc3 Bb4 4. a3 Bxc3+ 5. bxc3 c5 6. e3 Nc6 7. Bd3 b6 8. e4
d6 9. Ne2 Qc7 10. O-O Na5 11. Ng3 h5 12. h4 1/2-1/2

[Event "4NCL/Div1a/GUI2 vs. WGHK1"]
[Site "Hinckley Island ENG"]
[Date "2008.12.07"]
[Round "4.5"]
[White "Cherniaev, Alexander"]
[Black "Gordon, Stephen J"]
[Result "0-1"]
[WhiteElo "2438"]
[BlackElo "2521"]
[PlyCount "96"]
[EventDate "2008.12.07"]
[SourceDate "2008.10.04"]

1. e4 c5 2. Na3 b6 3. f4 Bb7 4. d3 d5 5. e5 e6 6. Nf3 Nc6 7. c3 Nh6 8. d4 Nf5
9. Nc2 a5 10. Bb5 h5 11. Ne3 g6 12. Nxf5 gxf5 13. Be3 Rc8 14. h4 c4 15. b3 cxb3
16. axb3 Be7 17. Ng5 Kf8 18. Be2 b5 19. Bxh5 Bxg5 20. fxg5 b4 21. Rc1 bxc3 22.
Rxc3 Nb4 23. Rxc8 Qxc8 24. Be2 Qc3+ 25. Kf2 Kg7 26. Rh3 Rc8 27. h5 Qb2 28. g6
Ba6 29. h6+ Kxg6 30. h7 Bxe2 31. Qxe2 Qxe2+ 32. Kxe2 Rh8 33. Kd2 Nc6 34. Kc3
Kg7 35. Bg5 Rxh7 36. Bf6+ Kg8 37. Rg3+ Kf8 38. Kb2 Ke8 39. Rg8+ Kd7 40. Kc3 Kc7
41. Rf8 Kb6 42. Rh8 Rxh8 43. Bxh8 Kb5 44. Bg7 a4 45. bxa4+ Kxa4 46. Bf8 Na5 47.
Be7 Nc4 48. Bg5 Na3 0-1

[Event "4NCL/Div1a/GUI2 vs. WGHK1"]
[Site "Hinckley Island ENG"]
[Date "2008.12.07"]
[Round "4.6"]
[White "Greet, Andrew N"]
[Black "Prie, Eric"]
[Result "1-0"]
[WhiteElo "2440"]
[BlackElo "2491"]
[PlyCount "71"]
[EventDate "2008.12.07"]
[SourceDate "2008.10.04"]

1. d4 d5 2. Nf3 Nf6 3. c4 c6 4. e3 Bg4 5. Qb3 Qb6 6. Nc3 e6 7. Nh4 Be7 8. h3
Bh5 9. g4 Ne4 10. Nxe4 dxe4 11. Qxb6 axb6 12. gxh5 Bxh4 13. Rg1 g5 14. Bg2 f5
15. Ke2 Nd7 16. f3 Nf6 17. fxe4 fxe4 18. Bd2 O-O 19. h6 e5 20. Raf1 exd4 21.
exd4 Rxa2 22. Bc3 Ra4 23. d5 Nh5 24. Rxf8+ Kxf8 25. Bxe4 Rxc4 26. Bxh7 Nf4+ 27.
Kd2 Nxd5 28. Bd3 Nxc3 29. Bxc4 Ne4+ 30. Ke2 Ng3+ 31. Kd3 Nh5 32. Ke4 b5 33. Bb3
c5 34. Bd5 Ke7 35. Kf5 Nf4 36. h7 1-0

[Event "4NCL/Div1a/GUI2 vs. WGHK1"]
[Site "Hinckley Island ENG"]
[Date "2008.12.07"]
[Round "4.7"]
[White "Buckley, Graeme"]
[Black "Berczes, Csaba"]
[Result "1-0"]
[WhiteElo "2399"]
[BlackElo "2399"]
[PlyCount "133"]
[EventDate "2008.12.07"]
[SourceDate "2008.10.04"]

1. d4 Nf6 2. c4 e6 3. Nc3 Bb4 4. e3 O-O 5. Bd3 d5 6. Nf3 b6 7. O-O Bb7 8. cxd5
exd5 9. a3 Bd6 10. b4 Nbd7 11. Qb3 c6 12. a4 Re8 13. Ba3 Qe7 14. Rfe1 Ne4 15.
b5 Nxc3 16. bxc6 Bxc6 17. Qxc3 Rac8 18. Qb3 Rc7 19. h3 Bxa3 20. Rxa3 Qd6 21.
Rb1 Rec8 22. Qb2 Nb8 23. Qb4 Qxb4 24. Rxb4 Be8 25. Rb2 Rc3 26. Rxc3 Rxc3 27.
Bb5 Nc6 28. a5 bxa5 29. Nd2 Kf8 30. Nb3 a4 31. Bxa4 Nxd4 32. Nxd4 Bxa4 33. Rb8+
Be8 34. Ra8 Rc7 35. Nb5 Rd7 36. Nxa7 f6 37. Nc6 Kf7 38. Kh2 Rc7 39. Nd4 Rd7 40.
Kg3 Rd6 41. h4 Bd7 42. Ra7 Kg6 43. Kf4 h5 44. Rc7 Be6 45. f3 Bd7 46. Kg3 Kh6
47. Kf2 g5 48. g3 Kg6 49. Ke2 Bh3 50. Nc6 Kh6 51. Kd3 Bd7 52. Ne7 gxh4 53. gxh4
Bh3 54. Kd4 Rd8 55. Kc5 Bg2 56. Nf5+ Kg6 57. Nd4 Re8 58. f4 Be4 59. Kd6 Ra8 60.
Ke6 Ra6+ 61. Rc6 Ra3 62. f5+ Kg7 63. Rc7+ Kh6 64. Kxf6 Rxe3 65. Rc8 Kh7 66. Ne6
Bxf5 67. Ng5+ 1-0

[Event "4NCL/Div1a/RIC vs. BAR1"]
[Site "Hinckley Island ENG"]
[Date "2008.12.07"]
[Round "4.2"]
[White "Turner, Matthew J"]
[Black "Wall, Gavin"]
[Result "1-0"]
[WhiteElo "2505"]
[BlackElo "2307"]
[PlyCount "63"]
[EventDate "2008.12.07"]
[SourceDate "2008.10.04"]

1. e4 e5 2. Nf3 d6 3. d4 exd4 4. Nxd4 Nf6 5. Nc3 Be7 6. g3 O-O 7. Bg2 Re8 8.
O-O Bf8 9. h3 c6 10. a4 Na6 11. a5 Qc7 12. Re1 h6 13. Bd2 Bd7 14. Qf3 Rad8 15.
Bf4 Nh7 16. g4 g5 17. Be3 Nb4 18. Qe2 Bg7 19. Qc4 Na6 20. Nce2 Be5 21. Ng3 Bxg3
22. fxg3 Nf6 23. Bf2 Nc5 24. e5 Nfe4 25. Rxe4 Nxe4 26. Bxe4 Rxe5 27. Bd3 Rxa5
28. Rf1 d5 29. Qc3 Ra2 30. Nb5 d4 31. Bh7+ Kxh7 32. Qd3+ 1-0

[Event "4NCL/Div1a/RIC vs. BAR1"]
[Site "Hinckley Island ENG"]
[Date "2008.12.07"]
[Round "4.3"]
[White "Bisby, Daniel L"]
[Black "Eggleston, David J"]
[Result "0-1"]
[WhiteElo "2287"]
[BlackElo "2368"]
[PlyCount "54"]
[EventDate "2008.12.07"]
[SourceDate "2008.10.04"]

1. e4 c5 2. Nf3 d6 3. d4 cxd4 4. Nxd4 Nf6 5. Nc3 a6 6. Be3 e5 7. Nf3 Be7 8. Bc4
O-O 9. O-O Be6 10. Bb3 b5 11. Qd3 Nc6 12. Bg5 Nh5 13. Bxe7 Qxe7 14. Rfd1 Rad8
15. a4 Nf4 16. Qe3 Bg4 17. Nd5 Nxd5 18. Bxd5 Qc7 19. axb5 axb5 20. c3 Ne7 21.
Ra7 Nxd5 22. Rxd5 Qc6 23. Ra5 f5 24. Raxb5 fxe4 25. Qxe4 Rf4 26. Qxe5 Qxb5 27.
Rxd6 Rxd6 0-1

[Event "4NCL/Div1a/RIC vs. BAR1"]
[Site "Hinckley Island ENG"]
[Date "2008.12.07"]
[Round "4.4"]
[White "Cox, John J"]
[Black "Muter, Donny"]
[Result "1-0"]
[WhiteElo "2381"]
[BlackElo "2190"]
[PlyCount "111"]
[EventDate "2008.12.07"]
[SourceDate "2008.10.04"]

1. d4 d6 2. Nf3 Bg4 3. c4 Bxf3 4. exf3 Nd7 5. Nc3 g6 6. Be3 Bg7 7. Be2 Ngf6 8.
d5 O-O 9. O-O e6 10. dxe6 fxe6 11. f4 e5 12. Bf3 exf4 13. Bxf4 Rb8 14. Qd2 Ne5
15. Bxe5 dxe5 16. Qe3 Qd4 17. Qxd4 exd4 18. Nb5 Ne8 19. Rfd1 Rf6 20. Nxd4 Rd6
21. Ne6 Bxb2 22. Rab1 Rxd1+ 23. Bxd1 Be5 24. f4 Ng7 25. Bg4 Bf6 26. Nxc7 b6 27.
Rd1 Ne8 28. Nd5 Bd8 29. Nb4 Be7 30. Nc6 Bc5+ 31. Kf1 Rb7 32. Rd8 Kf7 33. Ra8
Rc7 34. Nd8+ Ke7 35. Ne6 Rc6 36. Rxa7+ Kd6 37. Nd8 Rc7 38. Nf7+ Ke7 39. Rxc7+
Nxc7 40. Ne5 Be3 41. g3 g5 42. f5 Kd6 43. Nd3 Ne8 44. Ke2 Bg1 45. h3 Nf6 46.
Bf3 h5 47. g4 hxg4 48. hxg4 Nd7 49. Nf2 Bxf2 50. Kxf2 Kc5 51. Be2 Kd4 52. Ke1
Kc3 53. a4 Kd4 54. Kd2 Nc5 55. Kc2 Ke3 56. f6 1-0

[Event "4NCL/Div1a/RIC vs. BAR1"]
[Site "Hinckley Island ENG"]
[Date "2008.12.07"]
[Round "4.5"]
[White "Meyer, Gordon"]
[Black "Ferguson, Mark"]
[Result "0-1"]
[WhiteElo "2161"]
[BlackElo "2398"]
[PlyCount "118"]
[EventDate "2008.12.07"]
[SourceDate "2008.10.04"]

1. e4 e5 2. Nc3 Nf6 3. Bc4 Nc6 4. d3 Na5 5. Nge2 c6 6. a3 Nxc4 7. dxc4 d6 8.
Qd3 Be6 9. Bg5 h6 10. Bh4 Be7 11. O-O-O Qc7 12. h3 O-O-O 13. Bg3 Nd7 14. b3
Rhf8 15. f3 Bg5+ 16. f4 exf4 17. h4 Ne5 18. Qd2 Bf6 19. Bxf4 Qa5 20. Na4 Qxd2+
21. Rxd2 Rfe8 22. Nd4 Ng6 23. Bg3 Be5 24. Bxe5 dxe5 25. Nxe6 Rxe6 26. Rxd8+
Kxd8 27. Nc5 Re7 28. g3 Kc7 29. Rf1 Nf8 30. Nd3 f6 31. Kd2 Ne6 32. c3 Rd7 33.
Ke3 Kd6 34. g4 Ke7 35. b4 Rd8 36. c5 a5 37. bxa5 Ra8 38. Rb1 Nd8 39. g5 hxg5
40. hxg5 Rxa5 41. gxf6+ gxf6 42. Rb3 Ke6 43. Kf3 f5 44. c4 f4 45. Ke2 Kf6 46.
Kd2 Ra7 47. Kc3 Ne6 48. Kb4 Ra8 49. a4 Rd8 50. Nf2 Kg5 51. Rd3 Rxd3 52. Nxd3 f3
53. Nxe5 f2 54. Nf3+ Kf4 55. Nd2 Ke3 56. Nf1+ Kxe4 57. Nd2+ Kd3 58. Nf1 Ke2 59.
Nh2 Nd4 0-1

[Event "4NCL/Div1a/RIC vs. BAR1"]
[Site "Hinckley Island ENG"]
[Date "2008.12.07"]
[Round "4.6"]
[White "Knott, Simon"]
[Black "Franklin, Michael J"]
[Result "1-0"]
[WhiteElo "2348"]
[BlackElo "2232"]
[PlyCount "87"]
[EventDate "2008.12.07"]
[SourceDate "2008.10.04"]

1. Nf3 Nf6 2. c4 e6 3. Nc3 Bb4 4. Qc2 O-O 5. a3 Bxc3 6. Qxc3 a5 7. d3 d6 8. Bg5
Nbd7 9. e3 a4 10. Be2 Qe8 11. O-O h6 12. Bh4 Nh7 13. Nd4 Nc5 14. Nb5 Qd7 15.
Qc2 f5 16. f3 b6 17. d4 Nb3 18. Rad1 Qf7 19. e4 Re8 20. Bd3 Nf8 21. d5 f4 22.
e5 dxe5 23. Be4 exd5 24. cxd5 Ra5 25. Nc3 Nd4 26. Qb1 Bd7 27. Bf2 Nf5 28. d6 c5
29. Nd5 Nxd6 30. Nc7 Nxe4 31. Nxe8 Nxf2 32. Nd6 Qb3 33. Rxf2 Ne6 34. Nb7 Nd4
35. Nxa5 bxa5 36. Qd3 c4 37. Qxb3 axb3 38. Rc1 Be6 39. Re1 Nc6 40. Rd2 c3 41.
bxc3 Bc4 42. Rd6 Ne7 43. Rb6 a4 44. Rxe5 1-0

[Event "4NCL/Div1a/RIC vs. BAR1"]
[Site "Hinckley Island ENG"]
[Date "2008.12.07"]
[Round "4.7"]
[White "Mitchem, Nicholas D"]
[Black "Berry, Neil"]
[Result "0-1"]
[WhiteElo "1971"]
[BlackElo "2323"]
[PlyCount "44"]
[EventDate "2008.12.07"]
[SourceDate "2008.10.04"]

1. e4 d6 2. d4 Nf6 3. Nc3 e5 4. dxe5 dxe5 5. Qxd8+ Kxd8 6. Bg5 Be6 7. O-O-O+
Nbd7 8. f4 exf4 9. Nge2 Be7 10. Nxf4 Ng4 11. Nxe6+ fxe6 12. Bxe7+ Kxe7 13. Rd2
Rhf8 14. Nd1 Nc5 15. Bd3 Rad8 16. b4 Nd7 17. h3 Nge5 18. Kb2 c5 19. bxc5 Nxc5
20. Kc3 Rd6 21. Nb2 Rc8 22. Kb4 Nxe4 0-1

[Event "4NCL/Div1a/WRO1 vs. CAMB1"]
[Site "Hinckley Island ENG"]
[Date "2008.12.07"]
[Round "4.1"]
[White "Wells, Peter K"]
[Black "Pinter, Gabor"]
[Result "1/2-1/2"]
[WhiteElo "2516"]
[BlackElo "2355"]
[PlyCount "61"]
[EventDate "2008.12.07"]
[SourceDate "2008.10.04"]

1. d4 Nf6 2. c4 g6 3. Nc3 Bg7 4. e4 d6 5. Nf3 O-O 6. Be2 e5 7. Be3 Na6 8. O-O
c6 9. dxe5 dxe5 10. Qxd8 Rxd8 11. h3 Nh5 12. Rfd1 Re8 13. a3 Nf4 14. Bf1 Ne6
15. b4 f6 16. Na4 Bf8 17. c5 Nac7 18. Nb2 Rd8 19. Nc4 Be7 20. a4 Na6 21. Rxd8+
Nxd8 22. Rb1 Rb8 23. Nd6 Be6 24. b5 cxb5 25. axb5 Nc7 26. Ra1 a6 27. bxa6 bxa6
28. Nd2 Nc6 29. N2c4 Rb4 30. Nb6 Nd4 31. Bd3 1/2-1/2

[Event "4NCL/Div1a/WRO1 vs. CAMB1"]
[Site "Hinckley Island ENG"]
[Date "2008.12.07"]
[Round "4.2"]
[White "Dearing, Eddie"]
[Black "Jones, Gawain C B"]
[Result "1/2-1/2"]
[WhiteElo "2393"]
[BlackElo "2548"]
[PlyCount "33"]
[EventDate "2008.12.07"]
[SourceDate "2008.10.04"]

1. d4 Nf6 2. c4 g6 3. Nc3 Bg7 4. e4 d6 5. f3 O-O 6. Nge2 c5 7. d5 e6 8. Ng3
exd5 9. cxd5 Nh5 10. Nxh5 gxh5 11. Bf4 f5 12. Qd2 a6 13. a4 Qf6 14. Bg5 Qe5 15.
Bf4 Qf6 16. Bg5 Qe5 17. Bf4 1/2-1/2

[Event "4NCL/Div1a/WRO1 vs. CAMB1"]
[Site "Hinckley Island ENG"]
[Date "2008.12.07"]
[Round "4.4"]
[White "Wong, Zi Jing"]
[Black "Palliser, Richard"]
[Result "1/2-1/2"]
[WhiteElo "2414"]
[BlackElo "2407"]
[PlyCount "66"]
[EventDate "2008.12.07"]
[SourceDate "2008.10.04"]

1. e4 c5 2. Nf3 d6 3. d4 cxd4 4. Nxd4 Nf6 5. Nc3 a6 6. f4 e5 7. Nf3 Nbd7 8. a4
Be7 9. Bd3 O-O 10. O-O Nc5 11. Kh1 exf4 12. Bxf4 Bg4 13. Qd2 Rc8 14. Rae1 Re8
15. h3 Bh5 16. Nd4 Bg6 17. Nf5 Bxf5 18. exf5 d5 19. Be5 d4 20. Ne2 Nh5 21. f6
Bxf6 22. Bxf6 Nxf6 23. Nxd4 Rxe1 24. Rxe1 g6 25. c3 Nxa4 26. Bb1 Nb6 27. Ba2
Qd6 28. Qg5 Rc5 29. Qh4 Re5 30. Rf1 Nbd7 31. Qg3 Kf8 32. Qf4 Qe7 33. Nf3 Rf5
1/2-1/2